[Event "POL-chT3 Kujawsko Pomorskie 1213"]
[Site "Poland"]
[Date "2012.11.18"]
[Round "2.27"]
[White "Ciemniak, Krzysztof"]
[Black "Wesolowska, Edyta"]
[Result "1/2-1/2"]
[WhiteElo "1982"]
[BlackElo "1956"]
[PlyCount "100"]
[EventDate "2012.11.04"]
[EventType "team-tourn"]
[EventRounds "11"]
[EventCountry "POL"]
[SourceTitle "EXT 2015"]
[Source "ChessBase"]
[SourceDate "2014.11.20"]
[SourceVersion "1"]
[SourceVersionDate "2014.11.20"]
[SourceQuality "1"]
[WhiteTeam "Bydgoszcz Wiartrak"]
[BlackTeam "Bydgoszcz Chemik II"]
[WhiteTeamCountry "POL"]
[BlackTeamCountry "POL"]

1. e4 e5 2. Nf3 Nc6 3. Bb5 a6 4. Bxc6 dxc6 5. Nc3 Bg4 6. h3 Bxf3 7. Qxf3 Nf6 8. d3 h6 9. Be3 Bd6 10. 0-0-0 Qe7 11. d4 0-0 12. dxe5 Bxe5 13. Bd4 Rad8 14. Bxe5 Qxe5 15. Rxd8 Rxd8 16. Rd1 Rxd1+ 17. Kxd1 b5 18. a3 a5 19. Qf5 Qd4+ 20. Kc1 b4 21. axb4 axb4 22. Na2 g6 23. c3 bxc3 24. bxc3 Qd6 25. Qf3 Qe5 26. Nb4 Nxe4 27. Kc2 c5 28. Na2 Qd5 29. Nc1 c4 30. Qe3 Qf5 31. f3 Nd6+ 32. Kd2 Qd5+ 33. Kc2 Nf5 34. Qf4 g5 35. Qxc7 Ne3+ 36. Kb1 Qb5+ 37. Ka1 Qa4+ 38. Na2 Nc2+ 39. Kb2 Qb3+ 40. Kc1 Na3 41. Qc8+ Kg7 42. Qf5 Qxa2 43. Qe5+ Kg6 44. Qe4+ Kf6 45. Qd4+ Ke6 46. Qb6+ Kd5 47. Qa5+ Kc6 48. Qa8+ Kb5 49. Qb7+ Kc5 50. Qa7+ Kc6 1/2-1/2

[Event "POL-chT 2nd League"]
[Site "Lazy"]
[Date "2012.09.03"]
[Round "3"]
[White "Sygulska, Anna"]
[Black "Wesolowska, Edyta"]
[Result "0-1"]
[WhiteElo "1898"]
[BlackElo "1951"]
[PlyCount "120"]
[EventDate "2012.09.01"]
[EventType "team-swiss"]
[EventRounds "9"]
[EventCountry "POL"]
[SourceTitle "EXT 2019"]
[Source "ChessBase"]
[SourceDate "2018.10.10"]
[SourceVersion "1"]
[SourceVersionDate "2018.10.10"]
[SourceQuality "1"]
[WhiteTeam "Przemysl MKS Polonia"]
[BlackTeam "Bydgoszcz Chemik"]
[WhiteTeamCountry "POL"]
[BlackTeamCountry "POL"]

1. c4 e6 2. Nc3 d5 3. cxd5 exd5 4. Nf3 Nf6 5. g3 Be7 6. Bg2 0-0 7. d4 c6 8. 0-0 Nbd7 9. a3 a5 10. Rb1 Re8 11. Qc2 Bd6 12. Re1 Nb6 13. b4 Nc4 14. Nd2 Nxd2 15. Bxd2 Ng4 16. Qc1 Qf6 17. Nd1 axb4 18. Bxb4 Bf5 19. Rb3 Bb8 20. Bc5 b5 21. Qd2 Ra4 22. Rf1 Rc4 23. Rb2 h5 24. h3 Nh6 25. Ne3 Ra4 26. Nxf5 Nxf5 27. e3 h4 28. g4 Nd6 29. Qc2 Rc4 30. Qe2 Ne4 31. Bb4 Qd8 32. Bxe4 dxe4 33. f4 exf3 34. Qxf3 Qc7 35. Rbf2 Qg3+ 36. Kh1 f6 37. Rg1 Qxf3+ 38. Rxf3 Bg3 39. Rg2 Re6 40. Rg1 Rc2 41. Rg2 Rc4 42. Rg1 g5 43. Rg2 Kf7 44. Rb2 Ke8 45. Kg2 Kd7 46. Ra2 Rc1 47. Re2 Rd1 48. Bc5 Bd6 49. Bxd6 Kxd6 50. Ra2 Rd3 51. Kf2 Kd5 52. a4 b4 53. a5 b3 54. Ra4 Rd2+ 55. Ke1 Ra2 56. Rb4 b2 57. Kd1 Ke4 58. Rf5 Kd3 59. Rb3+ Kc4 60. Rb6 Rxe3 0-1

[Event "POL-chT 2st League"]
[Site "Mrzezyno"]
[Date "2010.09.09"]
[Round "6.36"]
[White "Wesolowska, Edyta"]
[Black "Demidowicz, Maria"]
[Result "0-1"]
[WhiteElo "1969"]
[BlackElo "2073"]
[PlyCount "84"]
[EventDate "2010.09.04"]
[EventType "team-swiss"]
[EventRounds "9"]
[EventCountry "POL"]
[SourceTitle "EXT 2019"]
[Source "ChessBase"]
[SourceDate "2018.10.10"]
[SourceVersion "1"]
[SourceVersionDate "2018.10.10"]
[SourceQuality "1"]
[WhiteTeam "Bydgoszcz Chemik"]
[BlackTeam "Gdynia Korsarz"]
[WhiteTeamCountry "POL"]
[BlackTeamCountry "POL"]

1. d4 Nf6 2. c4 g6 3. Nf3 Bg7 4. Nc3 0-0 5. e3 d6 6. Be2 Nbd7 7. b3 c5 8. Bb2 b6 9. 0-0 Bb7 10. Qd2 cxd4 11. exd4 d5 12. Rac1 e6 13. Ba3 Ne4 14. Nxe4 dxe4 15. Bxf8 Nxf8 16. Ng5 Bxd4 17. Rcd1 e5 18. Nh3 Ne6 19. Qh6 Qe7 20. Kh1 f5 21. c5 bxc5 22. Bc4 Bc8 23. Qg5 Qf8 24. f4 exf3 25. Rxf3 Kh8 26. Qh4 Bd7 27. Rg3 Qg7 28. Rf1 Rf8 29. Bd3 e4 30. Be2 Bf6 31. Ng5 Nxg5 32. Qf4 Ne6 33. Qd2 Bd4 34. Bc4 e3 35. Qa5 f4 36. Rgf3 Qe5 37. Qxa7 Qd6 38. h4 Bc6 39. Rh3 Ng7 40. Be2 Nf5 41. Qa6 Ra8 42. Qc4 Ng3+ 0-1

[Event "POL-chT 2st League"]
[Site "Mrzezyno"]
[Date "2010.09.08"]
[Round "5.18"]
[White "Jakubiec, Edyta"]
[Black "Wesolowska, Edyta"]
[Result "1-0"]
[WhiteElo "2200"]
[BlackElo "1969"]
[PlyCount "117"]
[EventDate "2010.09.04"]
[EventType "team-swiss"]
[EventRounds "9"]
[EventCountry "POL"]
[SourceTitle "EXT 2019"]
[Source "ChessBase"]
[SourceDate "2018.10.10"]
[SourceVersion "1"]
[SourceVersionDate "2018.10.10"]
[SourceQuality "1"]
[WhiteTeam "Krakow TKKF Drogowiec"]
[BlackTeam "Bydgoszcz Chemik"]
[WhiteTeamCountry "POL"]
[BlackTeamCountry "POL"]

1. e4 c5 2. c3 d6 3. g3 Nf6 4. Bg2 Nc6 5. Ne2 Bg4 6. h3 Bd7 7. d4 cxd4 8. cxd4 Rc8 9. Nbc3 Qb6 10. Be3 Qb4 11. 0-0 e5 12. Nd5 Qa5 13. a3 Ne7 14. b4 Qd8 15. Nxf6+ gxf6 16. dxe5 dxe5 17. Bxa7 b6 18. f4 Nc6 19. fxe5 fxe5 20. Qd5 f6 21. Rad1 Nxa7 22. Rxf6 Qe7 23. Rxb6 Bc6 24. Qa5 Bh6 25. Kh2 Be3 26. Ra6 Rc7 27. Rd3 Bf2 28. b5 Be1 29. Nc3 Bxb5 30. Rxa7 Rxa7 31. Qxb5+ Kf7 32. Nd5 Qg5 33. h4 Qg4 34. Rf3+ Kg7 35. Qb6 Rha8 36. Qf6+ Kg8 37. Ne7+ Rxe7 38. Qxe7 Qg7 39. Qxg7+ Kxg7 40. Kh3 Ra4 41. Rd3 Bf2 42. Kg4 Bd4 43. Bf3 Bb2 44. Kf5 Ra6 45. Be2 Rf6+ 46. Kg4 Bd4 47. Rb3 Rf2 48. Rb7+ Kg8 49. Bc4+ Kh8 50. a4 Bc3 51. Rb5 Rf8 52. a5 Bd4 53. a6 Ra8 54. Rb7 Ra7 55. Rxa7 Bxa7 56. Kf5 Bd4 57. Kf6 h6 58. Kg6 Be3 59. g4 1-0

[Event "POL-chT 2nd League"]
[Site "Miedzyzdroje"]
[Date "2009.09.14"]
[Round "3"]
[White "Kludacz, Magdalena"]
[Black "Wesolowska, Edyta"]
[Result "1-0"]
[WhiteElo "2163"]
[BlackElo "1962"]
[PlyCount "47"]
[EventDate "2009.09.12"]
[EventType "team-swiss"]
[EventRounds "9"]
[EventCountry "POL"]
[SourceTitle "EXT 2019"]
[Source "ChessBase"]
[SourceDate "2018.10.10"]
[SourceVersion "1"]
[SourceVersionDate "2018.10.10"]
[SourceQuality "1"]
[WhiteTeam "Gostynin Gostmat 83"]
[BlackTeam "Bydgoszcz Chemik"]
[WhiteTeamCountry "POL"]
[BlackTeamCountry "POL"]

1. d4 d5 2. c4 e6 3. Nc3 Nf6 4. cxd5 exd5 5. Bg5 Be7 6. Qc2 c6 7. e3 Nbd7 8. Bd3 0-0 9. Nge2 Re8 10. 0-0 Nf8 11. f3 Qb6 12. e4 Be6 13. e5 Nh5 14. Bxe7 Rxe7 15. Na4 Qd8 16. g4 Re8 17. gxh5 Bh3 18. Rf2 Qg5+ 19. Ng3 g6 20. hxg6 hxg6 21. Qd2 Qh4 22. Bf1 Bc8 23. Nc3 Ne6 24. f4 1-0

[Event "POL-chT 2nd League"]
[Site "Miedzyzdroje"]
[Date "2009.09.13"]
[Round "2"]
[White "Wesolowska, Edyta"]
[Black "Wesolowska, Hanna"]
[Result "1/2-1/2"]
[WhiteElo "1962"]
[BlackElo "2038"]
[PlyCount "38"]
[EventDate "2009.09.12"]
[EventType "team-swiss"]
[EventRounds "9"]
[EventCountry "POL"]
[SourceTitle "EXT 2019"]
[Source "ChessBase"]
[SourceDate "2018.10.10"]
[SourceVersion "1"]
[SourceVersionDate "2018.10.10"]
[SourceQuality "1"]
[WhiteTeam "Bydgoszcz Chemik"]
[BlackTeam "Pawlowice GKS Pniowek 74"]
[WhiteTeamCountry "POL"]
[BlackTeamCountry "POL"]

1. d4 d5 2. Nf3 Nf6 3. c4 dxc4 4. e3 e6 5. Bxc4 c5 6. 0-0 Nc6 7. Nc3 a6 8. a4 b6 9. dxc5 Qxd1 10. Rxd1 Bxc5 11. Ne2 Bb7 12. Bd2 0-0 13. Rac1 Rfd8 14. Ba2 Nb4 15. Bc4 h6 16. Bc3 Bc6 17. Bb3 Bd5 18. Bxd5 Rxd5 19. Rxd5 Nfxd5 1/2-1/2

[Event "POL-chT 2nd League"]
[Site "Ustron"]
[Date "2008.09.14"]
[Round "8.36"]
[White "Rzepecka, Dorota"]
[Black "Wesolowska, Edyta"]
[Result "1/2-1/2"]
[WhiteElo "1924"]
[BlackElo "1943"]
[PlyCount "33"]
[EventDate "2008.09.06"]
[EventType "team-swiss"]
[EventRounds "9"]
[EventCountry "POL"]
[SourceTitle "EXT 2015"]
[Source "ChessBase"]
[SourceDate "2014.11.20"]
[SourceVersion "1"]
[SourceVersionDate "2014.11.20"]
[SourceQuality "1"]
[WhiteTeam "Miedzyborow Wrzos"]
[BlackTeam "Bydgoszcz Chemik"]
[WhiteTeamCountry "POL"]
[BlackTeamCountry "POL"]

1. e4 c5 2. c3 d6 3. d4 cxd4 4. cxd4 Nf6 5. Nc3 Nc6 6. h3 e6 7. Nf3 Be7 8. Be2 0-0 9. 0-0 a6 10. Bf4 d5 11. e5 Ne4 12. Bd3 f5 13. exf6 Rxf6 14. Be5 Nxe5 15. Nxe5 Nd6 16. Bc2 b5 17. Qd3 1/2-1/2

[Event "POL-chT 2nd League"]
[Site "Ustron"]
[Date "2008.09.07"]
[Round "2.72"]
[White "Wesolowska, Edyta"]
[Black "Wesolowska, Hanna"]
[Result "1-0"]
[WhiteElo "1943"]
[BlackElo "2054"]
[PlyCount "73"]
[EventDate "2008.09.06"]
[EventType "team-swiss"]
[EventRounds "9"]
[EventCountry "POL"]
[SourceTitle "EXT 2015"]
[Source "ChessBase"]
[SourceDate "2014.11.20"]
[SourceVersion "1"]
[SourceVersionDate "2014.11.20"]
[SourceQuality "1"]
[WhiteTeam "Bydgoszcz Chemik"]
[BlackTeam "Pawlowice GKS Pniowek 74"]
[WhiteTeamCountry "POL"]
[BlackTeamCountry "POL"]

1. d4 d5 2. c4 dxc4 3. Nf3 a6 4. e4 b5 5. a4 Bb7 6. e5 e6 7. Be2 Bb4+ 8. Bd2 Bxd2+ 9. Qxd2 Ne7 10. Na3 Bd5 11. 0-0 c6 12. Ng5 Nd7 13. f4 Rb8 14. Nc2 h6 15. Nh3 Nb6 16. a5 Na4 17. g4 Nxb2 18. f5 exf5 19. gxf5 Be4 20. f6 Bxc2 21. fxe7 Qxe7 22. Qf4 Qe6 23. Bg4 Nd3 24. Qg3 Qd5 25. e6 Qxd4+ 26. Kh1 Qe5 27. Qg2 Qd5 28. exf7+ Ke7 29. Bf3 Qe6 30. Bxc6 Rhd8 31. Bf3 Kf8 32. Ra2 Ne1 33. Nf4 Qe3 34. Qg3 Nd3 35. Ng6+ Kxf7 36. Bd5+ Ke8 37. Qxe3+ 1-0

[Event "Bydgoszcz Fordonski op 3rd"]
[Site "Bydgoszcz"]
[Date "2007.12.30"]
[Round "4.4"]
[White "Wesolowska, Edyta"]
[Black "Bokiej, Przemyslaw"]
[Result "0-1"]
[WhiteElo "1938"]
[BlackElo "2063"]
[PlyCount "128"]
[EventDate "2007.12.28"]
[EventType "swiss"]
[EventRounds "5"]
[EventCountry "POL"]
[SourceTitle "EXT 2023"]
[Source "ChessBase"]
[SourceDate "2022.10.05"]
[SourceVersion "1"]
[SourceVersionDate "2022.10.05"]
[SourceQuality "1"]

1. d4 e6 2. e4 d5 3. exd5 exd5 4. Nf3 Bd6 5. Bd3 Ne7 6. 0-0 Nbc6 7. c3 Bf5 8. Re1 Qd7 9. Ne5 Bxe5 10. dxe5 0-0-0 11. Bg5 h6 12. Bxf5 Qxf5 13. Bxe7 Nxe7 14. Qa4 Kb8 15. Na3 g5 16. Nb5 Nc6 17. Nd4 Nxd4 18. cxd4 Rhe8 19. Re3 Re6 20. b4 f6 21. b5 fxe5 22. dxe5 d4 23. Rd1 h5 24. h3 d3 25. Qe4 Qxe4 26. Rxe4 Rd5 27. g3 Rexe5 28. Rxe5 Rxe5 29. Rxd3 c5 30. bxc6 bxc6 31. f4 Rf5 32. Rd4 Kc7 33. a4 c5 34. Rc4 Kc6 35. fxg5 Rxg5 36. Kf2 Kd5 37. Rc3 Kd4 38. Rf3 Re5 39. Rf4+ Kd3 40. Rf3+ Kc2 41. Rf4 Kb3 42. g4 hxg4 43. hxg4 c4 44. Rf5 Re8 45. a5 c3 46. Rb5+ Kc4 47. Rb7 c2 48. Rc7+ Kb3 49. g5 Re7 50. Rc5 Re5 51. Rxe5 c1Q 52. Kf3 Qf1+ 53. Kg4 Qg2+ 54. Kf5 Qf3+ 55. Ke6 Qg4+ 56. Kf6 Qf4+ 57. Ke6 Kc4 58. g6 Kd4 59. Rf5 Qg4 60. Kf6 Ke4 61. Re5+ Kf4 62. Rd5 Qc8 63. Rh5 Qf8+ 64. Ke6 Qg7 0-1

[Event "Bydgoszcz Fordonski op 3rd"]
[Site "Bydgoszcz"]
[Date "2007.12.29"]
[Round "3.6"]
[White "Licznerski, Lukasz"]
[Black "Wesolowska, Edyta"]
[Result "0-1"]
[WhiteElo "1806"]
[BlackElo "1938"]
[PlyCount "68"]
[EventDate "2007.12.28"]
[EventType "swiss"]
[EventRounds "5"]
[EventCountry "POL"]
[SourceTitle "EXT 2023"]
[Source "ChessBase"]
[SourceDate "2022.10.05"]
[SourceVersion "1"]
[SourceVersionDate "2022.10.05"]
[SourceQuality "1"]

1. e4 c5 2. Nf3 d6 3. d4 cxd4 4. Qxd4 a6 5. c4 Nc6 6. Qd2 Nf6 7. Nc3 e6 8. b3 Be7 9. Bb2 0-0 10. Be2 Qc7 11. 0-0 Rd8 12. Rad1 Bd7 13. Nd4 Rac8 14. Qe3 Be8 15. Kh1 d5 16. Nxc6 bxc6 17. exd5 cxd5 18. cxd5 exd5 19. Bxa6 Ra8 20. Bb5 Bc5 21. Qg5 h6 22. Qf5 d4 23. Na4 Rd5 24. Qd3 Ng4 25. Qh3 Bxb5 26. Qxg4 Rg5 27. Qh4 Bxf1 28. Rxf1 Qc6 29. f3 Qb5 30. Qf2 d3 31. Qd2 Re8 32. Qc3 Bb4 33. Qd4 d2 34. Rg1 Re1 0-1

[Event "Bydgoszcz Fordonski op 2nd"]
[Site "Bydgoszcz"]
[Date "2007.07.27"]
[Round "1"]
[White "Wesolowska, Edyta"]
[Black "Stoppel, Mariusz"]
[Result "1/2-1/2"]
[WhiteElo "1930"]
[BlackElo "2138"]
[PlyCount "24"]
[EventDate "2007.07.27"]
[EventType "swiss"]
[EventRounds "5"]
[EventCountry "POL"]
[SourceTitle "EXT 2011"]
[Source "ChessBase"]
[SourceDate "2010.11.26"]
[SourceVersion "1"]
[SourceVersionDate "2010.11.26"]
[SourceQuality "1"]

1. d4 d5 2. Nf3 Nf6 3. c4 c6 4. cxd5 cxd5 5. Nc3 Nc6 6. Bf4 a6 7. e3 Bg4 8. Be2 e6 9. 0-0 Bd6 10. Bg5 0-0 11. Rc1 Rc8 12. a3 h6 1/2-1/2

[Event "POL-chT3 0607"]
[Site "Poland"]
[Date "2007.02.04"]
[Round "7.18"]
[White "Kotula, Oktawia"]
[Black "Wesolowska, Edyta"]
[Result "0-1"]
[WhiteElo "1643"]
[BlackElo "1952"]
[PlyCount "80"]
[EventDate "2006.11.12"]
[EventType "team"]
[EventRounds "11"]
[EventCountry "POL"]
[SourceTitle "EXT 2009"]
[Source "ChessBase"]
[SourceDate "2008.11.26"]
[SourceVersion "1"]
[SourceVersionDate "2008.11.26"]
[SourceQuality "1"]

1. c4 e6 2. d4 d5 3. Nc3 Nf6 4. Bg5 Be7 5. Nf3 c6 6. e3 0-0 7. Bd3 Nbd7 8. 0-0 dxc4 9. Bxc4 Nd5 10. Bxe7 Qxe7 11. a3 Nxc3 12. bxc3 c5 13. Qc2 b6 14. Bd3 h6 15. Be4 Rb8 16. Rfd1 Nf6 17. Ne5 Bb7 18. Bxb7 Rxb7 19. a4 Rc7 20. Qe2 Nd5 21. Rdc1 Rfc8 22. c4 cxd4 23. exd4 Qg5 24. Nf3 Nf4 25. Qf1 Qg4 26. a5 b5 27. c5 a6 28. Rd1 Rd8 29. Rd2 Rd5 30. Ne5 Qh5 31. Ra3 Rxd4 32. Rxd4 Ne2+ 33. Kh1 Nxd4 34. Nd3 e5 35. f3 Qf5 36. Qf2 b4 37. g4 Qg6 38. Nxb4 Qb1+ 39. Kg2 Qxb4 40. Ra2 Rxc5 0-1

[Event "POL-chT3 0607"]
[Site "Poland"]
[Date "2007.01.28"]
[Round "6.24"]
[White "Wesolowska, Edyta"]
[Black "Tadych, Agnieszka"]
[Result "1/2-1/2"]
[WhiteElo "1952"]
[BlackElo "2037"]
[PlyCount "102"]
[EventDate "2006.11.12"]
[EventType "team"]
[EventRounds "11"]
[EventCountry "POL"]
[SourceTitle "EXT 2009"]
[Source "ChessBase"]
[SourceDate "2008.11.26"]
[SourceVersion "1"]
[SourceVersionDate "2008.11.26"]
[SourceQuality "1"]

1. d4 Nf6 2. Nf3 g6 3. Bf4 Bg7 4. e3 d6 5. h3 0-0 6. Be2 c5 7. 0-0 b6 8. c3 Bb7 9. Nbd2 Nc6 10. Rc1 Rc8 11. dxc5 bxc5 12. Qc2 Na5 13. c4 Qb6 14. Rb1 Nc6 15. a3 a5 16. Rfd1 Ra8 17. Qa4 Rfb8 18. g4 Nd8 19. g5 Bc6 20. Qc2 Ne8 21. b3 Ne6 22. Bg3 Qc7 23. a4 Rb7 24. h4 Bh8 25. Nh2 N8g7 26. Bg4 Rd8 27. Ne4 Bxe4 28. Qxe4 Rb6 29. Nf3 Rdb8 30. Nd2 Nd8 31. f4 e6 32. Qf3 Nf5 33. Bf2 Nc6 34. h5 Nce7 35. Qe2 d5 36. hxg6 hxg6 37. Kg2 e5 38. cxd5 Nxd5 39. Ne4 Nfe7 40. Rdc1 exf4 41. Nxc5 Qd6 42. e4 Nc3 43. Rxc3 Bxc3 44. Rd1 Qc7 45. Nd7 Rxb3 46. Nxb8 Rxb8 47. Rd7 Qe5 48. Qc4 Qxg5 49. Kf3 Bf6 50. Bc5 Rc8 51. Rxe7 Bxe7 1/2-1/2

[Event "POL-chT3 0607"]
[Site "Poland"]
[Date "2007.01.07"]
[Round "4.18"]
[White "Wesolowska, Edyta"]
[Black "Skrochocka, Justyna"]
[Result "1/2-1/2"]
[WhiteElo "1952"]
[BlackElo "2056"]
[PlyCount "74"]
[EventDate "2006.11.12"]
[EventType "team"]
[EventRounds "11"]
[EventCountry "POL"]
[SourceTitle "EXT 2009"]
[Source "ChessBase"]
[SourceDate "2008.11.26"]
[SourceVersion "1"]
[SourceVersionDate "2008.11.26"]
[SourceQuality "1"]

1. d4 d5 2. c4 e6 3. Nc3 Be7 4. Nf3 Nf6 5. Bg5 0-0 6. e3 h6 7. Bh4 b6 8. Rc1 Bb7 9. Bd3 c5 10. 0-0 Nbd7 11. Qe2 Ne4 12. Bxe7 Qxe7 13. Rfd1 cxd4 14. exd4 Nxc3 15. bxc3 Nf6 16. Ne5 Rac8 17. f4 Rc7 18. Rf1 dxc4 19. Bxc4 Rfc8 20. Ba6 Bxa6 21. Qxa6 Rxc3 22. Qxc8+ Rxc8 23. Rxc8+ Kh7 24. g4 Nd5 25. g5 hxg5 26. fxg5 Qxg5+ 27. Kh1 Qe3 28. Nxf7 Qe4+ 29. Kg1 Qxd4+ 30. Kh1 Qe4+ 31. Kg1 Qd4+ 32. Kh1 Qe4+ 33. Kg1 Qe3+ 34. Kh1 Nf4 35. Ng5+ Kg6 36. Rg1 Ne2 37. Rg2 Nf4 1/2-1/2

[Event "POL-chT3 0607"]
[Site "Poland"]
[Date "2006.11.26"]
[Round "3.30"]
[White "Weglarz, Joanna"]
[Black "Wesolowska, Edyta"]
[Result "1-0"]
[WhiteElo "2006"]
[BlackElo "1952"]
[PlyCount "107"]
[EventDate "2006.11.12"]
[EventType "team"]
[EventRounds "11"]
[EventCountry "POL"]
[SourceTitle "EXT 2009"]
[Source "ChessBase"]
[SourceDate "2008.11.26"]
[SourceVersion "1"]
[SourceVersionDate "2008.11.26"]
[SourceQuality "1"]

1. e4 c5 2. Nf3 d6 3. c4 Nc6 4. d4 cxd4 5. Nxd4 Nf6 6. Nc3 e5 7. Nc2 Be7 8. Be2 0-0 9. Be3 Be6 10. f3 a6 11. Rc1 Rc8 12. Qd2 Qa5 13. 0-0 Nh5 14. b4 Qd8 15. Nd5 f5 16. Rfd1 f4 17. Bb6 Qd7 18. b5 Nb8 19. Ncb4 Bd8 20. a4 a5 21. Na2 Qf7 22. Bxa5 Nd7 23. Bxd8 Rfxd8 24. Qb4 Nc5 25. Nac3 g5 26. Nb6 Rb8 27. a5 g4 28. Nca4 Nxe4 29. fxe4 f3 30. Qe1 Rf8 31. Qf2 Nf4 32. Bxf3 gxf3 33. Qxf3 Nh3+ 34. Kf1 Qxf3+ 35. gxf3 Rxf3+ 36. Ke2 Rf2+ 37. Kd3 Nf4+ 38. Kc3 Ne2+ 39. Kb4 Nxc1 40. Rxc1 Bc8 41. Rd1 Rf6 42. c5 Rf4 43. cxd6 Rxe4+ 44. Kc5 Bg4 45. Rd2 Rd8 46. a6 bxa6 47. bxa6 Bf3 48. d7 Rf4 49. a7 Rff8 50. Nc3 Bb7 51. Ncd5 e4 52. Ne7+ Kh8 53. Nc6 Rf5+ 54. Kd6 1-0

[Event "POL-chT3 0607"]
[Site "Poland"]
[Date "2006.11.12"]
[Round "1.36"]
[White "Malek, Paulina"]
[Black "Wesolowska, Edyta"]
[Result "0-1"]
[WhiteElo "1600"]
[BlackElo "1952"]
[PlyCount "76"]
[EventDate "2006.11.12"]
[EventType "team"]
[EventRounds "11"]
[EventCountry "POL"]
[SourceTitle "EXT 2009"]
[Source "ChessBase"]
[SourceDate "2008.11.26"]
[SourceVersion "1"]
[SourceVersionDate "2008.11.26"]
[SourceQuality "1"]

1. e4 c5 2. Nf3 d6 3. d4 cxd4 4. Nxd4 Nf6 5. Nc3 Nc6 6. Bb5 Bd7 7. Bg5 e6 8. 0-0 Be7 9. Bxf6 Bxf6 10. Bxc6 bxc6 11. Nde2 Qc7 12. Qd3 0-0 13. Rad1 Be7 14. Ng3 Rab8 15. b3 Qa5 16. a4 Rfd8 17. f4 Bc8 18. Qf3 d5 19. f5 Rf8 20. Nh5 dxe4 21. Qg3 Qb6+ 22. Kh1 g6 23. f6 Bb4 24. Qg5 Rd8 25. Qh6 Bf8 26. Qg5 Ba6 27. Rxd8 Rxd8 28. Re1 Qf2 29. Qg3 e3 30. Nd1 Qxg3 31. Nxg3 e2 32. Ne3 Bb4 33. Rxe2 Bxe2 34. Nxe2 Bc5 35. Nf1 Rd1 36. Neg3 Bf2 37. b4 Bxg3 38. hxg3 Rxf1+ 0-1

[Event "Ostroda op"]
[Site "Ostroda"]
[Date "2006.08.12"]
[Round "8.13"]
[White "Zadlo, Tomasz"]
[Black "Wesolowska, Edyta"]
[Result "1-0"]
[WhiteElo "1859"]
[BlackElo "1898"]
[PlyCount "29"]
[EventDate "2006.08.07"]
[EventType "swiss"]
[EventRounds "9"]
[EventCountry "POL"]
[SourceTitle "CBM 113 Extra"]
[Source "ChessBase"]
[SourceDate "2006.09.14"]
[SourceVersion "1"]
[SourceVersionDate "2006.09.14"]
[SourceQuality "1"]

1. e4 c5 2. d4 cxd4 3. c3 dxc3 4. Nxc3 d6 5. Nf3 Nf6 6. Bc4 e6 7. 0-0 Be7 8. Qe2 a6 9. Rd1 b5 10. Bb3 Qc7 11. Bf4 Nh5 12. Be3 Bb7 13. Rac1 Nc6 14. Nd5 Qd8 15. Bb6 1-0

[Event "Ostroda op"]
[Site "Ostroda"]
[Date "2006.08.10"]
[Round "6.9"]
[White "Sliwerski, Radoslaw"]
[Black "Wesolowska, Edyta"]
[Result "1-0"]
[WhiteElo "2200"]
[BlackElo "1898"]
[PlyCount "37"]
[EventDate "2006.08.07"]
[EventType "swiss"]
[EventRounds "9"]
[EventCountry "POL"]
[SourceTitle "CBM 113 Extra"]
[Source "ChessBase"]
[SourceDate "2006.09.14"]
[SourceVersion "1"]
[SourceVersionDate "2006.09.14"]
[SourceQuality "1"]

1. d4 d5 2. c4 e6 3. Nc3 Nf6 4. Nf3 c6 5. Bg5 Be7 6. e3 0-0 7. Rc1 Nbd7 8. Bd3 dxc4 9. Bxc4 Nd5 10. Bxe7 Qxe7 11. Ne4 N5f6 12. Nxf6+ Qxf6 13. 0-0 b6 14. Bd3 Bb7 15. Be4 e5 16. b4 Qe7 17. b5 exd4 18. Bxc6 Bxc6 19. bxc6 1-0